|
|
|
|
| LEADER |
01004nam a2200253 u 4500 |
| 001 |
10077101 |
| 003 |
upatras |
| 005 |
20210117201952.0 |
| 008 |
010913s1981 f eng |
| 020 |
|
|
|a 0715617214
|
| 040 |
|
|
|a GR-PaULI
|c GR-PaULI
|
| 041 |
0 |
|
|a eng
|a lat
|
| 082 |
1 |
4 |
|a 881.0901
|2 22
|
| 100 |
1 |
|
|a Lefkowitz, Mary R.
|9 52297
|
| 245 |
1 |
0 |
|a The lives of the Greek poets
|c Mary R. Lefkowitz
|
| 260 |
|
|
|a London
|b Duckworth
|c 1981
|
| 300 |
|
|
|a xi, 187 p.
|c 23 cm.
|
| 504 |
|
|
|a Includes bibliographical references and index
|
| 650 |
|
4 |
|9 53462
|a Ποιητές, Έλληνες
|x Βιογραφία
|
| 852 |
|
|
|a GR-PaULI
|b ΠΑΤΡΑ
|b ΦΙΛΟΛΟΓΙΑ
|k ΔΑΝΕΙΖ-6
|h 881.0901 LEF
|m 003688
|p 025000101258
|t 1
|
| 942 |
|
|
|2 ddc
|
| 952 |
|
|
|0 0
|1 0
|2 ddc
|4 0
|6 881_090100000000000_LEF
|7 0
|9 79688
|a LISP
|b LISP
|c BSC
|d 2016-04-24
|i 003688
|l 0
|o 881.0901 LEF
|p 025000101258
|r 2016-04-24 00:00:00
|t 1
|w 2016-04-24
|y BK15
|x Μεταφορά Τμήματος Φιλολογίας
|
| 998 |
|
|
|c ELIDOC
|d 2009-07
|
| 999 |
|
|
|c 52951
|d 52951
|